| 000 | 01151cam a2200277 4500 | ||
|---|---|---|---|
| 008 | 090401t1987 xxu||||| |||| 00| 0 eng d | ||
| 020 | _a0854063501 | ||
| 035 | _a(Sirsi) u44753 | ||
| 041 | _aeng | ||
| 050 | _a526.902462 | ||
| 110 | _aFederation International Des Geometres | ||
| 245 | _aProceedings of the second industrial and engineering survey conference held at University College London, 2-4 September 1987 | ||
| 260 |
_aLondon _bRoyal Institution of Chartered Surveyors _c1987 |
||
| 300 | _aiv,303p. : ill. ; 22cm. | ||
| 350 | _a100 | ||
| 520 | _aIncludes papers by Allan,A.L. ; Calvert,C.E. Cooper,M.A.R. Conference organised by Imperial College of Science and Technology , North East London Polytechnic , Portsmouth Polytechnic , City University , University College London University of Surrey . | ||
| 650 | _aCHANNEL TUNNEL | ||
| 650 | _aENGINEERING SURVEYING | ||
| 650 | _aINDUSTRIAL SURVEYING | ||
| 650 | _aPHOTOGRAMMETRY | ||
| 650 | _aSURVEYING INSTRUMENTS | ||
| 700 |
_aCooper, M. A. R. _xEditor |
||
| 710 |
_aInternational Society for Photogrammetry and Remote Sensing _92623 |
||
| 942 | _n0 | ||
| 948 | _c04/03/1997 | ||
| 999 |
_c91588 _d91588 |
||